[Event "Challenge"]
[Site "http://www.queenalice.com/game.php?id=679878"]
[Date "2009.11.8"]
[Round "-"]
[White "Paris75"]
[Black "cowgirl"]
[Result "1/2-1/2"]
[WhiteElo "2049"]
[BlackElo "2097"]

1. d4 d5 2. Nf3 Nc6 3. e3 Nf6 4. c3 Bg4 5. Nbd2 a6 6. Qc2 Bd7 7. b3 e6 8. Bb2
Bd6 9. Bd3 Qe7 10. h3 O-O 11. a4 h6 12. e4 dxe4 13. Nxe4 Nxe4 14. Bxe4 f5 15.
Bd3 e5 16. dxe5 Nxe5 17. Nxe5 Qxe5+ 18. Qe2 Rae8 19. Qxe5 Rxe5+ 20. Kd2 Rfe8 21.
Rhe1 Bc5 22. Rxe5 Rxe5 23. c4 Re8 24. f3 Be3+ 25. Kc2 Bf4 26. Rf1 Re6 27. Rd1
Rd6 28. c5 Rc6 29. Bc4+ 1/2-1/2

[Event "Challenge"]
[Site "http://www.queenalice.com/game.php?id=679879"]
[Date "2009.11.8"]
[Round "-"]
[White "cowgirl"]
[Black "Paris75"]
[Result "1/2-1/2"]
[WhiteElo "2097"]
[BlackElo "2051"]

1. d4 Nf6 2. Nc3 d6 3. e4 Nbd7 4. Bd3 g6 5. Nf3 e5 6. dxe5 Nxe5 7. Nxe5 dxe5 8.
O-O c6 9. Bg5 Bg7 10. h3 O-O 11. Qf3 Re8 12. Rfe1 b5 13. a3 Bb7 14. Rad1 Qe7 15.
Rd2 Qe6 16. Red1 Rad8 17. Bf1 Rxd2 18. Rxd2 a6 19. Qe3 Qc8 20. Qb6 Nd7 21. Qe3
Re6 22. Qd3 Nf8 23. Be2 Re8 24. Bg4 Qb8 25. Bh4 f6 26. Bg3 Bc8 27. Bxc8 Qxc8 28.
Ne2 Ne6 29. c3 Rd8 30. Qc2 Rxd2 31. Qxd2 Qd8 32. Qxd8+ Nxd8 33. f3 Bh6 34. Bf2
Ne6 35. g3 Kf7 36. Kg2 1/2-1/2

[Event "Challenge"]
[Site "http://www.queenalice.com/game.php?id=679880"]
[Date "2009.11.8"]
[Round "-"]
[White "Paris75"]
[Black "carver"]
[Result "1/2-1/2"]
[WhiteElo "2052"]
[BlackElo "1976"]

1. d4 d5 2. Nf3 Nc6 3. e3 Bg4 4. Nbd2 a6 5. c3 e6 6. Be2 Nf6 7. Qc2 Bd6 8. Bd3
Ne7 9. b3 Qd7 10. Bb2 O-O-O 11. a4 Bf5 12. c4 Bb4 13. Bc3 Bxd3 14. Qxd3 Nc6 15.
c5 a5 16. O-O Rdg8 17. Bxb4 Nxb4 18. Qb5 Qxb5 19. axb5 b6 20. Ne5 Rf8 21. cxb6
cxb6 22. Rfc1+ Kb7 23. Rc3 Rc8 24. Rac1 Na2 25. Rxc8 Rxc8 26. Rxc8 Kxc8 27. Nxf7
Nc3 28. Kf1 Nxb5 29. Ke2 1/2-1/2

[Event "Challenge"]
[Site "http://www.queenalice.com/game.php?id=679881"]
[Date "2009.11.8"]
[Round "-"]
[White "carver"]
[Black "Paris75"]
[Result "1/2-1/2"]
[WhiteElo "1979"]
[BlackElo "2057"]

1. d4 Nf6 2. c4 g6 3. Nc3 Bg7 4. Bf4 d6 5. Nf3 O-O 6. h3 Nbd7 7. e3 Re8 8. Be2
b6 9. Rc1 Bb7 10. O-O e6 11. Bg5 Qc8 12. Bd3 e5 13. dxe5 dxe5 14. Bxf6 Nxf6 15.
e4 c6 16. a4 Nd7 17. b4 a6 18. Rb1 Rd8 19. Qe2 Nf8 20. Rfd1 Ne6 21. Bc2 Nd4 22.
Nxd4 exd4 23. Na2 c5 24. bxc5 bxc5 25. Rd3 Re8 26. f3 Qc7 27. Rdb3 Bc6 28. R3b2
Rab8 29. Rxb8 Rxb8 30. Qd1 Be5 31. Nc1 Rxb1 32. Bxb1 a5 33. Nd3 Bd6 34. Bc2 f6
35. Qc1 Kg7 36. Qa3 Bb7 37. Qb3 1/2-1/2

[Event "Challenge"]
[Site "http://www.queenalice.com/game.php?id=694978"]
[Date "2009.12.9"]
[Round "-"]
[White "cowgirl"]
[Black "Paris75"]
[Result "1/2-1/2"]
[WhiteElo "2102"]
[BlackElo "2060"]

1. d4 Nf6 2. Nf3 d5 3. Bf4 g6 4. Nc3 Bg7 5. e3 O-O 6. Bd3 c6 7. O-O e6 8. Re1
Nbd7 9. Ne5 Nxe5 10. Bxe5 Re8 11. Qf3 b6 12. b3 Bb7 13. e4 Rc8 14. Qh3 dxe4 15.
Nxe4 Nxe4 16. Rxe4 f6 17. Bg3 f5 18. Rh4 h5 19. Be5 c5 20. Bxg7 Kxg7 21. Qg3 Qc7
22. Qg5 Qe7 23. Qg3 Qc7 24. Qe3 Qe7 25. Rh3 cxd4 26. Qxd4+ Qf6 27. Qxf6+ Kxf6
28. f4 e5 29. fxe5+ Rxe5 30. Rd1 Rd8 31. Rf1 Kg7 32. Kf2 Rd4 33. Re3 Rf4+ 34.
Rf3 Bxf3 35. gxf3 Rd4 36. a4 Kf6 37. Rh1 h4 38. Rg1 a5 39. h3 1/2-1/2

[Event "Challenge"]
[Site "http://www.queenalice.com/game.php?id=695707"]
[Date "2009.12.10"]
[Round "-"]
[White "Paris75"]
[Black "cowgirl"]
[Result "1/2-1/2"]
[WhiteElo "2080"]
[BlackElo "2073"]

1. d4 d5 2. Nf3 Nc6 3. Bf4 e6 4. e3 Nf6 5. h3 Bd6 6. Bxd6 Qxd6 7. c3 O-O 8. Bd3
Re8 9. Nbd2 b6 10. Qc2 g6 11. O-O e5 12. Nxe5 Nxe5 13. dxe5 Qxe5 14. Nf3 Qe7 15.
Rfe1 Bb7 16. Nd2 Rad8 17. Nf3 Ne4 18. Be2 Rd6 19. Rad1 Qf6 20. Qa4 Bc6 21. Qxa7
Rd7 22. Qa3 Ra8 23. Qb4 Rxa2 24. Ra1 Rxa1 25. Rxa1 h5 26. Qd4 Re7 27. Qxf6 Nxf6
28. Nd2 g5 29. Bd1 g4 30. hxg4 hxg4 31. g3 Kg7 32. Be2 Bd7 33. Bd3 Re8 34. b4
Rh8 35. b5 c6 36. Ra6 Rb8 37. bxc6 Bxc6 38. Nb3 Nd7 39. Nd4 Bb7 40. Ra3 Ne5 41.
Be2 Kg6 42. Rb3 Ba8 43. Rb5 f6 44. Rb4 f5 1/2-1/2

[Event "Challenge"]
[Site "http://www.queenalice.com/game.php?id=701902"]
[Date "2009.12.22"]
[Round "-"]
[White "Paris75"]
[Black "KLEOJ"]
[Result "1-0"]
[WhiteElo "2062"]
[BlackElo "2111"]

1. Nf3 d5 2. d3 Nc6 3. g3 e5 4. Bg2 Nf6 5. O-O Bd6 6. c4 d4 7. e4 dxe3 8. Bxe3
O-O 9. Nc3 Bf5 10. a3 Qd7 11. Re1 Bh3 12. b4 Bxg2 13. Kxg2 h6 14. Qc2 Ng4 15.
Bd2 Qf5 16. Ne4 Qh5 17. h3 Nf6 18. Nxf6+ gxf6 19. Re4 f5 20. Rh4 Qg6 21. Rxh6
Qg7 22. Rh5 f4 23. Rg5 f5 24. Rxg7+ Kxg7 25. gxf4 exf4 26. Qc3+ Kh6 27. c5 Be7
28. Bxf4+ Kh5 29. Bxc7 Rg8+ 30. Kh2 Rac8 31. Bf4 Rg6 32. Rg1 1-0

[Event "Challenge"]
[Site "http://www.queenalice.com/game.php?id=704910"]
[Date "2009.12.28"]
[Round "-"]
[White "KLEOJ"]
[Black "Paris75"]
[Result "1/2-1/2"]
[WhiteElo "2080"]
[BlackElo "2080"]

1. Nc3 Nf6 2. d4 d5 3. Bg5 Nbd7 4. e4 dxe4 5. f3 exf3 6. Nxf3 e6 7. Bd3 Be7 8.
O-O c6 9. Qe1 h6 10. Qh4 Ng8 11. Ne4 Bxg5 12. Nfxg5 Ndf6 13. Nxf6+ Nxf6 14. Rf2
Qd5 15. Ne4 Nxe4 16. Bxe4 Qg5 17. Qh3 O-O 18. Raf1 f5 19. Bd3 Bd7 20. Bc4 Rf6
21. Qb3 b5 22. Bd3 a5 23. a4 b4 24. Rxf5 Rxf5 25. Rxf5 Qe3+ 26. Kf1 Rf8 27.
Rxf8+ Kxf8 28. Qc4 Qf4+ 29. Kg1 Qd6 30. Bg6 Qe7 31. d5 exd5 32. Qf4+ Kg8 33.
Qb8+ Qf8 34. Bh7+ Kf7 35. Qf4+ Ke7 36. Qe5+ Kd8 37. Qb8+ Ke7 38. Qe5+ Kd8
1/2-1/2

[Event "Challenge"]
[Site "http://www.queenalice.com/game.php?id=727958"]
[Date "2010.2.8"]
[Round "-"]
[White "Paris75"]
[Black "KLEOJ"]
[Result "0-1"]
[WhiteElo "2066"]
[BlackElo "2149"]

1. d4 d5 2. e3 Nc6 3. Bd3 e5 4. dxe5 Nxe5 5. Bb5+ c6 6. Be2 Nf6 7. b3 Bd6 8. h3
O-O 9. Bb2 Ne4 10. Nf3 Nxf3+ 11. Bxf3 Bb4+ 12. c3 Bd6 13. Bxe4 dxe4 14. Qd4 Qe7
15. Nd2 Bf5 16. c4 f6 17. Qc3 Rad8 18. a3 Be5 19. Qc2 Rd3 20. Bxe5 Qxe5 0-1

[Event "Challenge"]
[Site "http://www.queenalice.com/game.php?id=727959"]
[Date "2010.2.8"]
[Round "-"]
[White "KLEOJ"]
[Black "Paris75"]
[Result "1-0"]
[WhiteElo "2139"]
[BlackElo "2080"]

1. Nc3 Nf6 2. d4 d5 3. Bg5 Nbd7 4. f3 c6 5. e4 dxe4 6. fxe4 Qa5 7. Bd2 Qc7 8.
Nf3 e6 9. Bd3 Be7 10. O-O a6 11. Bg5 Nf8 12. e5 Nd5 13. Ne4 f6 14. exf6 gxf6 15.
Bh4 Ne3 16. Qe2 Nxf1 17. Rxf1 f5 18. Nf6+ Bxf6 19. Bxf6 Rg8 20. Ne5 1-0

[Event "Challenge"]
[Site "http://www.queenalice.com/game.php?id=738555"]
[Date "2010.2.27"]
[Round "-"]
[White "Paris75"]
[Black "krazyking"]
[Result "0-1"]
[WhiteElo "2026"]
[BlackElo "1813"]

1. Nf3 d5 2. d3 Nf6 3. g3 Bg4 4. Nbd2 Nc6 5. c3 g6 6. Bg2 e5 7. Qc2 Bg7 8. O-O
O-O 9. e4 dxe4 10. dxe4 Re8 11. Nb3 a6 12. Be3 Be6 13. Rfd1 Qc8 14. Nc5 Rd8 15.
Rxd8+ Nxd8 16. Nxe6 Qxe6 17. b3 Nc6 18. Rd1 Rd8 19. Rxd8+ Nxd8 20. h3 Qc6 0-1

[Event "Challenge"]
[Site "http://www.queenalice.com/game.php?id=738737"]
[Date "2010.2.27"]
[Round "-"]
[White "krazyking"]
[Black "Paris75"]
[Result "1-0"]
[WhiteElo "1786"]
[BlackElo "2053"]

1. e4 d6 2. d4 Nf6 3. Nc3 g6 4. Nf3 c6 5. Bc4 Bg7 6. O-O Nbd7 7. Re1 O-O 8. e5
dxe5 9. dxe5 Nd5 10. Nxd5 cxd5 11. Bd3 e6 12. b3 Qc7 13. Bb2 a6 14. Rc1 Bh6 15.
Rb1 b5 16. Bc1 Bg7 17. Bf4 Bb7 18. Rc1 Rac8 19. a4 1-0